Hemligt uppdrag, (Record no. 350668)

000 -LEADER
fixed length control field 00635cam a2200229u 4500
001 - CONTROL NUMBER
control field 7895938
003 - CONTROL NUMBER IDENTIFIER
control field OSt
005 - DATE AND TIME OF LATEST TRANSACTION
control field 20180116183023.0
008 - FIXED-LENGTH DATA ELEMENTS--GENERAL INFORMATION
fixed length control field 830722s1946 sw 000 0 swe
010 ## - LIBRARY OF CONGRESS CONTROL NUMBER
LC control number 50023271
040 ## - CATALOGING SOURCE
Original cataloging agency DLC
Transcribing agency CarP
Modifying agency DLC
050 00 - LIBRARY OF CONGRESS CALL NUMBER
Classification number PR6027.O54
Item number M68
082 ## - DEWEY DECIMAL CLASSIFICATION NUMBER
Classification number 813.54 SHU 1973
100 1# - MAIN ENTRY--PERSONAL NAME
Personal name Shute, Nevil,
Dates associated with a name 1899-1960.
240 00 - UNIFORM TITLE
Uniform title Most secret. Swedish. [from old catalog]
245 10 - TITLE STATEMENT
Title Hemligt uppdrag,
260 ## - PUBLICATION, DISTRIBUTION, ETC.
Place of publication, distribution, etc. Stockholm,
Name of publisher, distributor, etc. H. Geber
Date of publication, distribution, etc. [1946]
300 ## - PHYSICAL DESCRIPTION
Extent 394 p.
Dimensions 21 cm.
650 #0 - SUBJECT ADDED ENTRY--TOPICAL TERM
Topical term or geographic name entry element World War, 1939-1945
Form subdivision Fiction.
906 ## - LOCAL DATA ELEMENT F, LDF (RLIN)
a 0
b cbc
c premunv
d u
e ncip
f 19
g y-gencatlg
942 ## - ADDED ENTRY ELEMENTS (KOHA)
Source of classification or shelving scheme
Koha item type Book
Holdings
Withdrawn status Lost status Source of classification or shelving scheme Damaged status Not for loan Collection code Permanent Location Current Location Shelving location Date acquired Total Checkouts Full call number Barcode Date last seen Price effective from Koha item type
            Central Library (CL) Central Library (CL) Fiction 11/30/2015   813.54 SHU 1973 NBSD-2249 11/30/2015 11/30/2015 Book
© 2023 Central Library, National University of Sciences and Technology. All Rights Reserved.